00261nam a22001097a 4500020001800000040000900018082001800027100003000045245002300075260004300098300001000141 a9789693529425 cNUST a891.4393bMUH aMuhammad Yahya Khan, Baba a Lay Baba Abbabeel aLAHOREbSang-E-Meel Publicationsc2016 b1070P